书目信息 |
| 题名: |
塑料测试技术
|
|
| 作者: | 周维祥 主编 | |
| 分册: | ||
| 出版信息: | 北京 化学工业出版社 1997.01 |
|
| 页数: | 713页 | |
| 开本: | 32开 | |
| 丛书名: | ||
| 单 册: | ||
| 中图分类: | TQ320.77 | |
| 科图分类: | ||
| 主题词: | 合成树脂--化学工业 , 塑料工业 | |
| 电子资源: | ||
| ISBN: | 7-5025-1783-9 | |
| 000 | 00585nam0 2200205 45 | |
| 001 | 0010081504 | |
| 005 | 20001008155107.8 | |
| 010 | @a7-5025-1783-9@d40.00元 | |
| 100 | @a20001008d1997 km y0chiy0120 ea | |
| 101 | 0 | @achi |
| 105 | @a z 000yy | |
| 200 | 1 | @a塑料测试技术@ASu Liao Ce Shi Ji Shu@f周维祥主编@FZhou Wei Xiang Zhu Bian |
| 210 | @a北京@c化学工业出版社@d1997.01 | |
| 215 | @a713页@d32开 | |
| 606 | 0 | @a合成树脂@x化学工业 |
| 606 | 0 | @a塑料工业 |
| 690 | @aTQ320.77@v3 | |
| 701 | 0 | @a周维祥@4主编 |
| 801 | @aCN@bPftUser@c20001008 | |
| 905 | @b172857-859@dTQ320.77@eZH901@f3 | |
| 塑料测试技术/周维祥主编.-北京:化学工业出版社,1997.01 |
| 713页;32开 |
| ISBN 7-5025-1783-9:40.00元 |
| ● |
| 相关链接 |
|
|
|
正题名:塑料测试技术
索取号:TQ320.77/ZH901
 
预约/预借
| 序号 | 登录号 | 条形码 | 馆藏地/架位号 | 状态 | 备注 |
| 1 | 172857 | 201728577 | 自科二线504/504自科库 20排1列6层/ [索取号:TQ320.77/ZH901] | 在馆 | |
| 2 | 172858 | 201728586 | 自科二线504/504自科库 20排1列6层/ [索取号:TQ320.77/ZH901] | 在馆 | |
| 3 | 172859 | 201728595 | 自科库501/501自科库 140排8列6层/ [索取号:TQ320.77/ZH901] | 在馆 |